[Event "SR 3. liga A2 2005/2006"]
[Site "?"]
[Date "2005.??.??"]
[Round "?"]
[White "Bincik, Pavol"]
[Black "Fekete, Robert"]
[Result "1-0"]
[WhiteElo "1805"]
[BlackElo "1870"]
[PlyCount "99"]
[EventDate "2005.??.??"]

1. d4 d5 2. c4 e6 3. Nc3 c6 4. Nf3 Bd7 5. e3 Nf6 6. a3 Be7 7. c5 O-O 8. Ne5 Qc7
9. Bd3 Bc8 10. f4 Nfd7 11. O-O f5 12. g4 g6 13. Bd2 Nf6 14. Kh1 fxg4 15. Nxg4
Nxg4 16. Qxg4 e5 17. Qg3 e4 18. Be2 Bf5 19. b4 Nd7 20. b5 Rab8 21. a4 Nf6 22.
a5 Qd7 23. b6 a6 24. Na2 Bg4 25. Bxg4 Nxg4 26. Rg1 $11 Nh6 27. Rad1 Kh8 28.
Rdf1 Rbd8 29. Nb4 Rf5 30. Qh3 Bf8 31. Rg5 Rxf4 32. Qxd7 Rxf1+ 33. Kg2 Rxd7 34.
Kxf1 Nf5 35. Ke2 Rf7 36. Rg1 Nh4 37. Rb1 Re7 38. Nxa6 Re8 39. Nc7 Rb8 40. a6
bxa6 41. Nxa6 Rb7 42. Nb4 Nf3 43. Nxc6 Nxh2 44. Nd8 Rb8 45. b7 Rxd8 46. b8=Q
Rxb8 47. Rxb8 Kg7 48. c6 Bd6 49. Rd8 Bg3 50. Be1 1-0

[Event "SR 3. liga A2 2005/2006"]
[Site "?"]
[Date "2005.??.??"]
[Round "?"]
[White "Ollos, Ladislav"]
[Black "Gubis, Vladimir"]
[Result "1-0"]
[WhiteElo "1650"]
[BlackElo "1810"]
[PlyCount "113"]
[EventDate "2005.??.??"]

1. e4 c5 2. c3 d6 3. d4 Nd7 4. Nf3 Qc7 5. Be3 Ngf6 6. Nbd2 e6 7. Bd3 Be7 8. Qb3
a6 9. a4 b6 10. d5 e5 11. h3 Nh5 12. Qa3 O-O 13. O-O Nf4 14. Bxf4 exf4 15. b4
Bf6 16. Rfc1 Ne5 17. Nxe5 Bxe5 18. Nf3 Qe7 19. Rab1 f5 20. exf5 Bxf5 21. Bxf5
Rxf5 22. bxc5 bxc5 23. c4 Qc7 24. a5 Rb8 25. Rxb8+ Qxb8 26. Qd3 g6 27. Rb1 Qc7
28. Rb6 Bf6 29. Qb3 Bd8 30. Rxa6 Rf8 31. Qb6 Qxb6 32. axb6 h6 33. Nd2 Re8 34.
Ra8 Kf7 35. Ne4 Rxe4 36. Rxd8 Re1+ 37. Kh2 Rb1 38. Rxd6 Rb4 39. Rd7+ Ke8 40.
Rc7 Rxb6 41. Rxc5 Rd6 42. g3 fxg3+ 43. Kxg3 Ke7 44. f3 Kd7 45. h4 Rf6 46. Rb5
Ra6 47. Kf4 Ra4 48. Rc5 Ra1 49. Rc6 Rg1 50. c5 Rg2 51. Rf6 Ke7 52. Re6+ Kf7 53.
c6 Rc2 54. Ke5 Rc4 55. Kd6 Rxh4 56. c7 Rc4 57. Kd7 1-0

[Event "SR 3. liga A2 2005/2006"]
[Site "?"]
[Date "2005.??.??"]
[Round "?"]
[White "Jurica, Peter"]
[Black "Lesny, Stefan"]
[Result "1-0"]
[WhiteElo "2150"]
[BlackElo "2095"]
[Annotator " 10.1"]
[PlyCount "45"]
[EventDate "2005.??.??"]

1. Nf3 d5 2. d4 e6 3. c4 c6 4. Nc3 f5 5. g4 Nf6 6. gxf5 exf5 7. Bg5 Be7 8. Bxf6
Bxf6 9. cxd5 cxd5 10. Qb3 Nc6 11. e3 Ne7 12. Qb5+ Qd7 13. Ne5 Bxe5 14. dxe5
Qxb5 15. Nxb5 Kf7 16. Rc1 Nc6 17. f4 Rb8 18. Bg2 Be6 19. Ke2 a6 20. Nd6+ Ke7
21. Rhd1 d4 22. exd4 Bxa2 23. d5 1-0

[Event "SR 3. liga A2 2005/2006"]
[Site "?"]
[Date "2005.??.??"]
[Round "?"]
[White "Bebiak, Jozef"]
[Black "Blazek, Milos"]
[Result "1-0"]
[WhiteElo "2160"]
[BlackElo "2115"]
[Annotator " 10.2"]
[PlyCount "55"]
[EventDate "2005.??.??"]

1. e4 e5 2. Nf3 Nc6 3. d4 exd4 4. Bc4 Nf6 5. O-O Nxe4 6. Re1 d5 7. Nc3 dxc4 8.
Rxe4+ Be6 9. Nxd4 Nxd4 10. Rxd4 Qf6 11. Nb5 Bd6 12. Rxd6 cxd6 13. Nc7+ Ke7 14.
Nxa8 Rxa8 15. Be3 b6 16. Qd2 h6 17. Rd1 Rd8 18. Qb4 Rd7 19. b3 cxb3 20. cxb3
Qf5 21. Qc3 f6 22. Rc1 Kf7 23. h3 Qg6 24. Bf4 Qe4 25. Qg3 d5 26. Rc8 d4 27.
Bxh6 Qg6 28. Rf8+ 1-0

[Event "SR 3. liga A2 2005/2006"]
[Site "?"]
[Date "2005.??.??"]
[Round "?"]
[White "Blatnicky, Miroslav"]
[Black "Obdrzalkova, Anitta"]
[Result "1-0"]
[WhiteElo "2110"]
[BlackElo "2115"]
[Annotator " 10.3"]
[PlyCount "61"]
[EventDate "2005.??.??"]

1. e4 c5 2. Nf3 d6 3. d4 cxd4 4. Nxd4 Nf6 5. Nc3 a6 6. Bg5 e6 7. f4 Be7 8. Qf3
Nbd7 9. O-O-O Qc7 10. Bd3 b5 11. a3 Rb8 12. Rhe1 b4 13. axb4 Rxb4 14. Nb3 h6
15. Bh4 Bb7 16. Qe2 Nxe4 17. Bxe7 Nxc3 18. Qg4 Kxe7 19. Rxe6+ Kf8 20. bxc3 Rb6
21. Re2 Nf6 22. Qh4 Qxc3 23. Rde1 g6 24. Bxg6 Rxb3 25. Re8+ Kg7 26. Rxh8 h5 27.
Bd3 Ra3 28. Qg5+ Kxh8 29. Qh6+ Kg8 30. Bh7+ Nxh7 31. Re8+ 1-0

[Event "SR 3. liga A2 2005/2006"]
[Site "?"]
[Date "2005.??.??"]
[Round "?"]
[White "Farkas, Gabor"]
[Black "Krchnak, Rudolf"]
[Result "1-0"]
[WhiteElo "2125"]
[BlackElo "1970"]
[Annotator " 10.4"]
[PlyCount "81"]
[EventDate "2005.??.??"]

1. e4 c5 2. Nf3 d6 3. d4 cxd4 4. Nxd4 Nf6 5. Nc3 a6 6. Bg5 e6 7. f4 Be7 8. Qf3
Qc7 9. O-O-O Nbd7 10. Bd3 h6 11. Bh4 g5 12. fxg5 Ne5 13. Qe2 Nfg4 14. h3 hxg5
15. Bg3 Nxd3+ 16. Rxd3 Ne5 17. Bxe5 dxe5 18. Nb3 Bd7 19. Rf1 f6 20. Qf2 b5 21.
Nd1 O-O-O 22. Rc3 Bc6 23. Nc5 Bxc5 24. Qxc5 Kb7 25. Rxf6 Qd7 26. Rd3 Qc8 27.
Rf7+ Rd7 28. Rdxd7+ Bxd7 29. Qxe5 Rf8 30. Qxe6 Rxf7 31. Qxf7 Qe8 32. Qxe8 Bxe8
33. Kd2 Kc6 34. Ke3 Kc5 35. Nf2 Bf7 36. Nd3+ Kb6 37. b3 a5 38. Ne5 Be6 39. Kd4
Bg8 40. Nf3 g4 41. hxg4 1-0

[Event "SR 3. liga A2 2005/2006"]
[Site "?"]
[Date "2005.??.??"]
[Round "?"]
[White "Smrek, Peter"]
[Black "Petenyi, Tamas"]
[Result "0-1"]
[WhiteElo "1965"]
[BlackElo "2075"]
[Annotator " 10.5"]
[PlyCount "144"]
[EventDate "2005.??.??"]

1. e4 c5 2. Nf3 d6 3. d4 cxd4 4. Nxd4 Nf6 5. Nc3 g6 6. Be2 Bg7 7. Be3 Nc6 8. h3
O-O 9. Qd2 a6 10. h4 h5 11. f3 Ne5 12. Kf2 Bd7 13. Rag1 Rc8 14. Bh6 Bxh6 15.
Qxh6 Qb6 16. Qe3 Nc4 17. Bxc4 Rxc4 18. Nb3 Qxe3+ 19. Kxe3 b5 20. a3 Rb8 21. Kd3
Rc7 22. Ra1 Be6 23. Nd4 Bc4+ 24. Kd2 e5 25. Nde2 Rbc8 26. Rhc1 a5 27. b3 Bxe2
28. Nxe2 d5 29. exd5 Nxd5 30. c3 a4 31. Rab1 Nb6 32. bxa4 Nc4+ 33. Ke1 bxa4 34.
Rb4 Ra7 35. Ra1 Ne3 36. Ra2 f5 37. g3 Nd5 38. Rb5 Nxc3 39. Nxc3 Rxc3 40. Kf2 e4
41. fxe4 fxe4 42. Re5 Rf7+ 43. Kg2 Rff3 44. Rg5 Kf7 45. Re2 Rfe3 46. Rxe3 Rxe3
47. Re5 Kf6 48. Re8 Kf5 49. Rf8+ Ke5 50. Re8+ Kd4 51. Rd8+ Kc3 52. Rd6 Kb3 53.
Rxg6 Kxa3 54. Rg5 Kb2 55. Rxh5 a3 56. Rf5 a2 57. Rf2+ Kb3 58. Rf1 Re2+ 59. Kh3
Rb2 60. Re1 Rb1 61. Re3+ Kc4 62. Rxe4+ Kd3 63. Ra4 a1=Q 64. Rxa1 Rxa1 65. h5
Ke4 66. Kg4 Ke5 67. Kg5 Ke6 68. Kg6 Rg1 69. h6 Rxg3+ 70. Kh7 Kf7 71. Kh8 Kg6
72. h7 Ra3 0-1

[Event "SR 3. liga A2 2005/2006"]
[Site "?"]
[Date "2005.??.??"]
[Round "?"]
[White "Varga, David"]
[Black "Matus, Peter"]
[Result "1-0"]
[WhiteElo "2070"]
[BlackElo "1720"]
[Annotator " 10.6"]
[PlyCount "45"]
[EventDate "2005.??.??"]

1. e4 c5 2. Nf3 Nc6 3. d4 cxd4 4. Nxd4 Nxd4 5. Qxd4 d6 6. Bc4 Qa5+ 7. Bd2 Qb6
8. Qxb6 axb6 9. Be3 f5 10. Nc3 Nf6 11. f3 fxe4 12. fxe4 Bd7 13. Bxb6 Bc6 14.
Nd5 Ra4 15. b3 Bxd5 16. Bb5+ Bc6 17. bxa4 Nxe4 18. Bxc6+ bxc6 19. a5 g6 20. Bd4
e5 21. Rb1 exd4 22. a6 Bg7 23. Rb8+ 1-0

[Event "SR 3. liga A2 2005/2006"]
[Site "?"]
[Date "2005.??.??"]
[Round "?"]
[White "Lanyi, Frantisek"]
[Black "Kolesar, Rastislav"]
[Result "1/2-1/2"]
[WhiteElo "1625"]
[BlackElo "1875"]
[Annotator " 10.7"]
[PlyCount "68"]
[EventDate "2005.??.??"]

1. e4 e5 2. Nf3 Nc6 3. d4 exd4 4. Nxd4 Qf6 5. Nxc6 Bc5 6. Qf3 Qxc6 7. Nc3 Ne7
8. Bd3 O-O 9. O-O Ng6 10. Be3 Ne5 11. Qe2 Bxe3 12. Qxe3 Nxd3 13. Qxd3 d6 14.
Rfe1 Be6 15. Qb5 Bd7 16. Qxc6 Bxc6 17. Rad1 Rad8 18. f3 f5 19. exf5 Rxf5 20.
Re7 Rf7 21. Rde1 Rxe7 22. Rxe7 Rd7 23. Rxd7 Bxd7 24. Nd5 c6 25. Ne3 Kf7 26. Kf2
d5 27. c3 a5 28. a3 Kf6 29. f4 a4 30. Kf3 Ke7 31. g4 Kd6 32. h4 c5 33. h5 b5
34. Nc2 Bc6 1/2-1/2

[Event "SR 3. liga A2 2005/2006"]
[Site "?"]
[Date "2005.??.??"]
[Round "?"]
[White "Csiba, Dominik"]
[Black "Lajda, Dusan"]
[Result "1/2-1/2"]
[WhiteElo "1800"]
[BlackElo "1715"]
[Annotator " 10.8"]
[PlyCount "92"]
[EventDate "2005.??.??"]

1. f4 d5 2. Nf3 Nf6 3. e3 g6 4. c4 c6 5. cxd5 cxd5 6. Qb3 a6 7. Be2 Bg7 8. O-O
O-O 9. Nc3 Nc6 10. Ne5 d4 11. Nxc6 bxc6 12. Na4 Qd6 13. Nb6 Be6 14. Qa4 Rab8
15. Nc4 Bxc4 16. Bxc4 Rb6 17. Qa5 c5 18. f5 Ng4 19. Rf4 gxf5 20. h3 Ne5 21. Be2
d3 22. Bf3 Nxf3+ 23. Rxf3 e6 24. Rb1 Rfb8 25. b3 Rb4 26. Bb2 Bxb2 27. Rxb2 Qe5
28. Rb1 Qd6 29. Qa3 f6 30. Qc1 Kf7 31. Qd1 Rg8 32. a3 Rh4 33. Qe1 Rh6 34. b4
Rhg6 35. Rf2 c4 36. Rc1 Qc6 37. Qf1 Rg3 38. Kh2 Qc7 39. Rf4 Rxg2+ 40. Qxg2
Rxg2+ 41. Kxg2 Qe5 42. Rc3 Qd5+ $11 43. Kg1 e5 44. Rxf5 Qe4 45. Rf2 Qh4 46. Kg2
Ke6 1/2-1/2

[Event "SR 3. liga A2 2005/2006"]
[Site "?"]
[Date "2005.??.??"]
[Round "?"]
[White "Vach, Pavol"]
[Black "Janko, Ladislav"]
[Result "0-1"]
[WhiteElo "2165"]
[BlackElo "2215"]
[Annotator " 11.1"]
[PlyCount "79"]
[EventDate "2005.??.??"]

1. d4 g6 2. c4 Bg7 3. Nc3 Nc6 4. Nf3 d6 5. e4 Bg4 6. Be3 e5 7. d5 Nd4 8. Bxd4
exd4 9. Nb5 Bxf3 10. gxf3 c6 11. dxc6 bxc6 12. Na3 Qa5+ 13. Qd2 Qxd2+ 14. Kxd2
Nf6 15. Rb1 a5 16. Bd3 Nd7 17. Nc2 O-O 18. a3 c5 19. b4 axb4 20. axb4 cxb4 21.
Rxb4 Ra2 22. Rhb1 Ne5 23. Ke2 f5 24. Rb8 f4 25. R8b2 Rfa8 26. Ne1 R8a3 27. Kd2
Kf8 28. Ke2 Bf6 29. Rxa2 Rxa2+ 30. Kf1 Bh4 31. Be2 Rd2 32. Ng2 Bg5 33. h4 Bh6
34. Ke1 Rc2 35. Rd1 d3 36. Bxd3 Nxf3+ 37. Kf1 Rb2 38. Be2 Nd2+ 39. Ke1 f3 40.
Ne3 {biely cas} 0-1

[Event "SR 3. liga A2 2005/2006"]
[Site "?"]
[Date "2005.??.??"]
[Round "?"]
[White "Sulek, Viliam"]
[Black "Palka, M."]
[Result "1-0"]
[WhiteElo "2165"]
[BlackElo "2045"]
[Annotator " 11.2"]
[PlyCount "65"]
[EventDate "2005.??.??"]

1. e4 c5 2. Nf3 d6 3. d4 cxd4 4. c3 dxc3 5. Nxc3 Nf6 6. Bc4 e6 7. O-O Be7 8.
Qe2 a6 9. Rd1 Qc7 10. h3 Nc6 11. Bf4 O-O 12. Rac1 Rd8 13. Bb3 Qa5 14. Rd2 h6
15. Rcd1 e5 16. Be3 b5 17. Bd5 Bd7 18. a3 Rac8 19. g4 b4 20. axb4 Nxb4 21. g5
hxg5 22. Nxg5 Nbxd5 23. Nxd5 Nxd5 24. Rxd5 Bb5 25. Qh5 Bxg5 26. Bxg5 f6 27.
Bxf6 gxf6 28. Qg6+ Kh8 29. Qxf6+ Kh7 30. Qf5+ Kg7 31. Kh2 Qc7 32. Rg1+ Kh8 33.
Qf6+ 1-0

[Event "SR 3. liga A2 2005/2006"]
[Site "?"]
[Date "2005.??.??"]
[Round "?"]
[White "Skapikova, Lubica"]
[Black "Puobis, Jozef"]
[Result "0-1"]
[WhiteElo "2030"]
[BlackElo "2035"]
[Annotator " 11.3"]
[PlyCount "84"]
[EventDate "2005.??.??"]

1. e4 e5 2. Nf3 Nf6 3. Nxe5 d6 4. Nf3 Nxe4 5. d4 d5 6. Bd3 Nc6 7. O-O Be7 8.
Re1 Bg4 9. h3 Bxf3 10. gxf3 Nf6 11. c3 O-O 12. Nd2 Qd7 13. Kg2 Nh5 14. Nf1 Bd6
15. Qc2 g6 16. Nh2 Bf4 17. Be3 Qd6 18. Nf1 Qf6 19. Ng3 Qg5 20. h4 Qxh4 21. Rh1
Qg5 22. Rxh5 gxh5 23. Rh1 h4 24. Bxf4 Qxf4 25. Nf5 h5 26. Nxh4 Kg7 27. Nf5+ Kf6
28. Rxh5 Rg8+ 29. Kf1 Qxf3 30. Ng3 Ke7 31. Rf5 Qg4 32. Rxd5 Qh3+ 33. Ke1 Rxg3
34. Qe2+ Kf8 35. fxg3 Qh1+ 36. Qf1 Qxd5 37. Bc4 Re8+ 38. Kd1 Qh5+ 39. Kc1 Re7
40. Qf4 Nd8 41. g4 Qh1+ 42. Kc2 Qe4+ 0-1

[Event "SR 3. liga A2 2005/2006"]
[Site "?"]
[Date "2005.??.??"]
[Round "?"]
[White "Kosar, Mikulas ml"]
[Black "Sipkovsky, Ivan"]
[Result "1/2-1/2"]
[WhiteElo "1965"]
[BlackElo "1915"]
[Annotator " 11.4"]
[PlyCount "90"]
[EventDate "2005.??.??"]

1. e4 c5 2. Nf3 d6 3. d4 cxd4 4. Nxd4 Nf6 5. Nc3 g6 6. Be3 Bg7 7. Be2 O-O 8.
Qd2 Nc6 9. h4 h5 10. Nxc6 bxc6 11. Bh6 Bxh6 12. Qxh6 Qa5 13. O-O Rb8 14. Rab1
Ba6 15. Bxa6 Qxa6 16. Qg5 Rb4 17. a3 Nxe4 18. Qxe7 Nxc3 19. axb4 Nxb1 20. Rxb1
Qa2 $11 21. Qe1 Qc4 22. Qd2 Re8 23. Qxd6 Qxc2 24. Rd1 Qxb2 25. Qxc6 Qe2 26. Ra1
Re4 27. Qf6 Rxb4 28. Rxa7 Rb1+ 29. Kh2 Qe8 30. Re7 Qf8 31. f4 Rd1 32. Qe5 Rd8
33. Qf6 Re8 34. Re5 Rxe5 35. fxe5 Qg7 36. Kg3 Qf8 37. Qd6 Qxd6 38. exd6 Kf8 39.
Kf4 f6 40. Ke4 Ke8 41. Kd5 Kd7 42. g3 g5 43. hxg5 fxg5 44. Ke5 h4 45. gxh4 gxh4
1/2-1/2

[Event "SR 3. liga A2 2005/2006"]
[Site "?"]
[Date "2005.??.??"]
[Round "?"]
[White "Fidericky, Milan"]
[Black "Kubica, Adrian"]
[Result "0-1"]
[WhiteElo "1905"]
[BlackElo "1945"]
[Annotator " 11.5"]
[PlyCount "104"]
[EventDate "2005.??.??"]

1. Nf3 d6 2. d4 Bg4 3. e4 Nd7 4. Be2 e5 5. O-O Ngf6 6. Nc3 Be7 7. h3 Bh5 8. Be3
O-O 9. Nd2 Bxe2 10. Qxe2 Re8 11. Rad1 exd4 12. Bxd4 Bf8 13. f4 Nb6 14. Qf3 c5
15. Bf2 Qc7 16. Bh4 Nbd7 17. g4 h6 18. Bg3 Kh8 19. g5 Ng8 20. Nd5 Qc6 21. h4
Nb6 22. Nc3 Na4 23. b3 Nxc3 24. Qxc3 b6 25. a4 f6 26. Qc4 Rad8 27. Rf3 d5 28.
exd5 Rxd5 29. Rd3 Red8 30. Nf3 Ne7 31. Rxd5 Rxd5 32. Rxd5 Qxd5 33. Qxd5 Nxd5
34. Kf2 Bd6 35. Nd2 Bxf4 36. Bxf4 Nxf4 37. gxf6 gxf6 38. Kf3 Nd5 39. Ke4 Ne7
40. Nc4 Kg7 41. h5 Kf7 42. Ne3 Ke6 43. c3 a6 44. Kf4 f5 45. b4 cxb4 46. cxb4 b5
47. a5 Kf6 48. Kg3 Kg5 49. Kf3 Kxh5 50. Kf4 Kg6 51. Nc2 Kf6 52. Ne3 h5 0-1

[Event "SR 3. liga A2 2005/2006"]
[Site "?"]
[Date "2005.??.??"]
[Round "?"]
[White "Bott, Tamas"]
[Black "Zisek, Jaroslav"]
[Result "0-1"]
[WhiteElo "1930"]
[BlackElo "1940"]
[Annotator " 11.6"]
[PlyCount "92"]
[EventDate "2005.??.??"]

1. e4 c5 2. f4 e5 3. Nf3 exf4 4. d4 Nf6 5. Nc3 d5 6. dxc5 dxe4 7. Qxd8+ Kxd8 8.
Ng5 Be6 9. Ncxe4 Nxe4 10. Nxe4 Nc6 11. Bxf4 h6 12. O-O-O+ Ke8 13. Nd6+ Bxd6 14.
Bxd6 f6 15. Bb5 Kf7 16. Rhe1 Rhe8 17. Re3 a6 18. Ba4 Bc4 19. Rde1 Rxe3 20. Rxe3
Re8 21. Rxe8 Kxe8 22. Kd2 Kf7 23. Bb3 Bxb3 24. cxb3 Ke6 25. Ke3 g6 26. a3 Na5
27. b4 Nc4+ 28. Kd4 Nxd6 29. cxd6 Kxd6 30. Kc4 b5+ 31. Kd4 f5 32. b3 g5 33. g3
g4 34. a4 h5 35. axb5 axb5 36. Kd3 Kd5 37. Ke3 Ke5 38. Kf2 Kd4 39. Ke2 Ke4 40.
Kf2 Kd3 41. Ke1 Ke3 42. Kf1 f4 43. gxf4 Kxf4 44. Kf2 h4 45. Ke2 Ke4 46. Kf2 Kd3
0-1

[Event "SR 3. liga A2 2005/2006"]
[Site "?"]
[Date "2005.??.??"]
[Round "?"]
[White "Sebesta, Radovan"]
[Black "Kosar, Mikulas"]
[Result "1/2-1/2"]
[WhiteElo "1845"]
[BlackElo "2010"]
[Annotator " 11.7"]
[PlyCount "78"]
[EventDate "2005.??.??"]

1. d4 e6 2. c4 d5 3. Nc3 c6 4. Nf3 Nd7 5. cxd5 exd5 6. Bg5 Be7 7. Bxe7 Qxe7 8.
e3 Ngf6 9. Bd3 O-O 10. O-O Re8 11. Qc2 Ne4 12. Rae1 f5 13. b3 g6 14. Na4 Ndf6
15. Rc1 Nd7 16. Rfd1 Qf6 17. b4 a6 18. Nc5 Nexc5 19. bxc5 Nf8 20. Ne5 Nd7 21.
f4 Nxe5 22. fxe5 Qg5 23. Qf2 Rf8 24. Rf1 Be6 25. Rb1 Rab8 26. h4 Qh6 27. Qf4
Qxf4 28. exf4 h5 29. Rb6 a5 $11 30. a4 Rf7 31. Rfb1 Bc8 32. Rxc6 bxc6 33. Rxb8
Rf8 34. Kf2 Kf7 35. Rb6 Bd7 36. Ba6 Ra8 37. Bb7 Rb8 38. Ba6 Ra8 39. Ke3 Ke7
1/2-1/2

[Event "SR 3. liga A2 2005/2006"]
[Site "?"]
[Date "2005.??.??"]
[Round "?"]
[White "Hecko, Dusan"]
[Black "Vertetics, Attila"]
[Result "0-1"]
[WhiteElo "2120"]
[BlackElo "2215"]
[Annotator " 12.1"]
[PlyCount "72"]
[EventDate "2005.??.??"]

1. c4 d6 2. g3 c6 3. Bg2 e5 4. Nc3 Be6 5. b3 d5 6. cxd5 cxd5 7. d3 Nc6 8. e3
Rc8 9. Nge2 f5 10. O-O Nf6 11. d4 e4 12. a3 Bd6 13. Bd2 O-O 14. b4 Qd7 15. Qb3
Kh8 16. Rac1 Ne7 17. Na4 b6 18. Rxc8 Rxc8 19. Rc1 g5 20. Rxc8+ Qxc8 21. b5 Qd7
22. Nb2 Ng6 23. a4 h5 24. Nd1 h4 25. Bb4 Bb8 26. Qc3 f4 27. exf4 gxf4 28. gxf4
Bg4 29. f3 exf3 30. Bxf3 Nxf4 31. Nxf4 Bxf4 32. Nf2 Bf5 33. Qe1 Qg7+ 34. Kh1
Bxh2 35. Bxd5 Bf4 36. Bf3 Qg3 0-1

[Event "SR 3. liga A2 2005/2006"]
[Site "?"]
[Date "2005.??.??"]
[Round "?"]
[White "Ress, Tamas"]
[Black "Diviak, R."]
[Result "1-0"]
[WhiteElo "2120"]
[BlackElo "1945"]
[Annotator " 12.2"]
[PlyCount "89"]
[EventDate "2005.??.??"]

1. d4 Nf6 2. c4 g6 3. Nc3 Bg7 4. e4 d6 5. Nf3 O-O 6. Be2 e5 7. O-O Nc6 8. d5
Ne7 9. h3 Nd7 10. b4 a5 11. Ba3 axb4 12. Bxb4 b6 13. a4 f5 14. a5 bxa5 15. Rxa5
Rxa5 16. Bxa5 Nc5 17. Nd2 Ba6 18. Qc2 Qd7 19. Nb3 Nxb3 20. Qxb3 fxe4 21. Nxe4
Nf5 22. Bc3 Qe7 23. Ra1 Bc8 24. f3 Bh6 25. Be1 Nd4 26. Qd3 Bf5 27. Bf2 Bxe4 28.
Qxe4 Nxe2+ 29. Qxe2 Bf4 30. Ra7 Rf7 31. h4 Qf6 32. Qb2 Bh6 33. Rxc7 Rxc7 34.
Qb8+ Bf8 35. Qxc7 Qf4 36. Qc8 Qc1+ 37. Kh2 Qf4+ 38. Bg3 Qe3 39. Qe6+ Kg7 40.
Qg4 Qd3 41. Qd7+ Kg8 42. Qe6+ Kg7 43. c5 Qf5 44. Qxf5 gxf5 45. c6 1-0

[Event "SR 3. liga A2 2005/2006"]
[Site "?"]
[Date "2005.??.??"]
[Round "?"]
[White "Pericka, Tomas"]
[Black "Ivan, Imrich ml"]
[Result "0-1"]
[WhiteElo "1945"]
[BlackElo "2015"]
[Annotator " 12.3"]
[PlyCount "36"]
[EventDate "2005.??.??"]

1. e4 e6 2. d4 d5 3. Nc3 dxe4 4. Nxe4 Nd7 5. Nf3 Ngf6 6. Ng3 Be7 7. Be3 O-O 8.
Bd3 b6 9. O-O Bb7 10. Ne5 Nxe5 11. dxe5 Qd5 12. f3 Qxe5 13. Re1 Qxb2 14. f4 g6
15. Bf2 Qb4 16. f5 Bc5 17. fxe6 Bxf2+ 18. Kxf2 Ng4+ 0-1

[Event "SR 3. liga A2 2005/2006"]
[Site "?"]
[Date "2005.??.??"]
[Round "?"]
[White "Csefalvay, Stefan"]
[Black "Pagerka, Martin"]
[Result "1-0"]
[WhiteElo "1925"]
[BlackElo "1855"]
[Annotator " 12.4"]
[PlyCount "89"]
[EventDate "2005.??.??"]

1. Nf3 c5 2. c4 Nc6 3. Nc3 g6 4. e3 Nf6 5. d4 cxd4 6. exd4 d5 7. Ne5 Be6 8.
Nxc6 bxc6 9. Qa4 Qb6 10. c5 Qc7 11. g3 Nh5 12. Be2 Bd7 13. Bxh5 gxh5 14. Bf4
Qb7 15. O-O-O Bg7 16. Rhe1 Be6 17. Be5 Bh6+ 18. Kb1 Rg8 19. Qc2 Rg6 20. Ne2 Bg4
21. f4 e6 22. Qc3 Bf5+ 23. Ka1 Bf8 24. Ng1 f6 25. Bd6 Bxd6 26. cxd6 Rb8 27. Nf3
Be4 28. Nh4 Rg8 29. Rf1 f5 30. Nf3 Bxf3 31. Rxf3 Kd7 32. Re3 Rg6 33. Qa3 Qb6
34. Rb3 Rgg8 35. Rxb6 axb6 36. Re1 Ra8 37. Qe3 Rg6 38. Qe5 c5 39. dxc5 bxc5 40.
Rc1 c4 41. b3 Rc8 42. bxc4 dxc4 43. Qb5+ Kxd6 44. Rd1+ Kc7 45. Rd7# 1-0

[Event "SR 3. liga A2 2005/2006"]
[Site "?"]
[Date "2005.??.??"]
[Round "?"]
[White "Fedor, Miroslav"]
[Black "Vizvari, Ludovit"]
[Result "0-1"]
[WhiteElo "1795"]
[BlackElo "1840"]
[Annotator " 12.5"]
[PlyCount "108"]
[EventDate "2005.??.??"]

1. d4 d5 2. Nf3 e6 3. c4 c5 4. cxd5 exd5 5. e3 Nc6 6. Nc3 Nf6 7. Bb5 a6 8.
Bxc6+ bxc6 9. Qa4 Qc7 10. O-O Bd6 11. h3 O-O 12. dxc5 Bxc5 13. Nd4 Bxd4 14.
Qxd4 c5 15. Qh4 Be6 16. Bd2 Rfd8 17. Rfd1 Rac8 18. Qa4 Qc6 19. Qxc6 Rxc6 20.
Ne2 Ne4 21. Be1 Nd6 22. Nf4 Nb7 23. Bc3 Rcd6 24. Be5 R6d7 25. Rac1 a5 26. b3
Ra8 27. Nd3 f6 28. Bb2 a4 29. Nf4 Kf7 30. Rd2 axb3 31. axb3 Na5 32. Rd3 Bf5 33.
Rxd5 Rxd5 34. Nxd5 Nxb3 35. Re1 Ra2 36. Bc3 Rc2 37. Ba1 c4 38. Nb4 Nxa1 39.
Rxa1 Rb2 40. Nc6 Rb1+ 41. Rxb1 Bxb1 42. Kf1 c3 43. Ke1 Be4 44. Nd4 Bxg2 45. h4
Be4 46. Ne2 c2 47. Kd2 Kg6 48. Nd4 Kh5 49. f3 Bd3 50. e4 g6 51. Nb3 Bc4 52. Nc1
Kxh4 53. Kxc2 Kg3 54. Kc3 Ba6 0-1

[Event "SR 3. liga A2 2005/2006"]
[Site "?"]
[Date "2005.??.??"]
[Round "?"]
[White "Vegh, Vince"]
[Black "Wurschner, Miroslav"]
[Result "1-0"]
[WhiteElo "1710"]
[BlackElo "1785"]
[Annotator " 12.6"]
[PlyCount "57"]
[EventDate "2005.??.??"]

1. e4 c5 2. Nf3 d6 3. d4 cxd4 4. Nxd4 Nf6 5. Nc3 a6 6. Bd3 g6 7. Be3 Bg7 8. f3
O-O 9. Qd2 b5 10. h4 h5 11. O-O-O Bb7 12. Rdg1 Nbd7 13. Bh6 Rc8 14. Bxg7 Kxg7
15. g4 e6 16. gxh5 Nxh5 17. Rg5 Rh8 18. Rhg1 Ne5 19. Be2 Nc4 20. Bxc4 Rxc4 21.
Rxg6+ Kf8 22. Rh6 Ke7 23. Qg5+ Kd7 24. Qxh5 Rxh6 25. Qxh6 Rxd4 26. Qg7 e5 27.
Qxf7+ Kc6 28. Nd5 Bc8 29. Rg8 1-0

[Event "SR 3. liga A2 2005/2006"]
[Site "?"]
[Date "2005.??.??"]
[Round "?"]
[White "Varga, Alexander"]
[Black "Bisco, Igor"]
[Result "0-1"]
[WhiteElo "1890"]
[BlackElo "2110"]
[Annotator " 13.1"]
[PlyCount "93"]
[EventDate "2005.??.??"]

1. d4 Nf6 2. c4 g6 3. e3 Bg7 4. Bd3 O-O 5. Nf3 c5 6. d5 d6 7. Nc3 e6 8. e4 exd5
9. cxd5 Re8 10. O-O Nbd7 11. Bg5 Ne5 12. Nxe5 Rxe5 13. Qd2 Bd7 14. Bf4 Nh5 15.
Bxe5 Bxe5 16. f4 Bd4+ 17. Kh1 Qh4 18. Qe1 Qf6 19. f5 gxf5 20. g4 Ng7 21. gxf5
Kh8 22. Rf3 Re8 23. Qd2 b5 24. Raf1 c4 25. Bb1 b4 26. Nd1 a5 27. Rh3 Rc8 28.
Rh6 c3 29. Rxf6 cxd2 30. Rxf7 Bb5 31. f6 Nh5 32. e5 Bxf1 33. Rxh7+ Kg8 34. f7+
Kf8 35. Rh8+ Ke7 36. Rxc8 Kxf7 37. Rc7+ Kf8 38. e6 Nf6 39. Bc2 Be2 40. Kg2 Bh5
41. Ba4 Nxd5 42. Rh7 Bxd1 43. e7+ Nxe7 44. Bxd1 Bxb2 45. Kf3 Nd5 46. Ke2 Bc1
47. Rh3 0-1

[Event "SR 3. liga A2 2005/2006"]
[Site "?"]
[Date "2005.??.??"]
[Round "?"]
[White "Cvicela, Anton"]
[Black "Szekely, Stefan"]
[Result "1-0"]
[WhiteElo "2175"]
[BlackElo "2080"]
[Annotator " 13.2"]
[PlyCount "51"]
[EventDate "2005.??.??"]

1. e4 d6 2. d4 Nf6 3. Nc3 g6 4. f4 Bg7 5. Bd3 Na6 6. Nf3 c5 7. Bxa6 bxa6 8.
dxc5 Qa5 9. e5 dxe5 10. fxe5 Nd7 $11 11. Be3 Rb8 12. O-O O-O 13. Nd5 Re8 14. b4
Qa4 15. e6 fxe6 16. Nc7 Nf6 17. Nxe8 Qxe8 18. c3 Bb7 19. Bd4 Rd8 20. Qe2 Qc6
21. Rae1 Ne4 22. Bxg7 Kxg7 23. Nd4 Qd5 24. c6 Bxc6 25. Nxc6 Nxc3 26. Qe5+ 1-0

[Event "SR 3. liga A2 2005/2006"]
[Site "?"]
[Date "2005.??.??"]
[Round "?"]
[White "Both, Lajos"]
[Black "Gajarsky, Roman"]
[Result "0-1"]
[WhiteElo "1990"]
[BlackElo "2050"]
[Annotator " 13.3"]
[PlyCount "162"]
[EventDate "2005.??.??"]

1. e4 e5 2. Nf3 Nf6 3. d4 Nxe4 4. dxe5 d5 5. Bd3 Be7 6. O-O Bg4 7. c3 Nd7 8.
Bf4 c6 9. Re1 Ng5 10. Nbd2 Nc5 11. Bc2 O-O 12. Qb1 g6 13. Nxg5 Bxg5 14. Be3 Nd7
15. f4 Bh4 16. g3 Be7 17. Kg2 Bc5 18. Bd4 Qb6 19. Nb3 Bxd4 20. cxd4 c5 21. h3
Be6 22. f5 gxf5 23. Bxf5 Bxf5 24. Qxf5 c4 25. Qxd7 cxb3 26. Qxd5 bxa2 27. Rxa2
Rad8 28. Qf3 Rxd4 29. b3 a6 30. Re3 Qh6 31. Rae2 b5 32. Qf6 Qxf6 33. exf6 Rd6
34. g4 Rxf6 35. h4 h6 36. Re5 Rc8 37. R2e3 Kg7 38. Kg3 Rfc6 39. Kf4 b4 40. R3e4
Rf6+ 41. Rf5 Rb8 42. Ree5 Rd8 43. Rxf6 Kxf6 44. Ke4 Rg8 45. Rf5+ Ke6 46. Kf4
Rg6 47. Ra5 Kd7 48. Kf5 Rb6 49. Rd5+ Ke7 50. Re5+ Kf8 51. Rd5 Kg7 52. Ra5 Rc6
53. Ke5 Rc3 54. Rxa6 Rxb3 55. Rb6 Rb1 56. g5 hxg5 57. hxg5 b3 58. Kd4 b2 59.
Kc3 Rg1 60. Rxb2 Rxg5 61. Kd4 Ra5 62. Ke4 Kf6 63. Rb3 Ra4+ 64. Kf3 Kg5 65. Rb5+
f5 66. Rb8 Ra3+ 67. Kf2 Kg4 68. Rg8+ Kf4 69. Ke2 Ra2+ 70. Kd3 Kf3 71. Rh8 f4
72. Rg8 Ra7 73. Rd8 Ra2 74. Rg8 Kf2 75. Ke4 f3 76. Rf8 Ra3 77. Rh8 Ke2 78. Rf8
f2 79. Rh8 Ra4+ 80. Kf5 Kf3 81. Rb8 f1=Q {
asi nepresna zaverecna notacia, aj to pisal iba jeden z hracov} 0-1